jealousy, jealousy - Olivia Rodrigo - All Lyrics - Statistics

General Stats
  • This quiz has been taken 1,323 times
  • The average score is 263 of 312
Answer Stats
Answer % Correct
a
100%
I
100%
be
98%
be,
98%
Oh
97%
(Oh,
97%
oh)
97%
Oh,
97%
(Oh-oh-oh)
97%
to
97%
jealousy,
95%
jealousy
95%
Jealousy,
95%
my
95%
My
95%
the
95%
too
95%
go
94%
is
94%
win
94%
all
93%
All
93%
know
93%
so
93%
and
92%
And
92%
Co,
92%
Co-co,
92%
don't
92%
he, he)
92%
(He-he-he,
92%
see
92%
me
91%
wanna
90%
I’m
89%
I'm
89%
of
89%
then
88%
are
87%
car,
87%
myself
87%
sick
87%
you
86%
else
85%
else)
85%
killin'
85%
much
85%
rather
85%
Rather
85%
think
85%
who
85%
(Anybody
84%
anyone,
84%
anyone
84%
Anyone,
84%
it
84%
it,
84%
slowly
84%
pretty
83%
every
82%
happy
82%
(Yeah)
82%
yeah,
82%
‘bout
81%
your
81%
But
80%
but
80%
good
80%
weight
80%
boyfriend,
79%
cool
79%
cool,
79%
face,
79%
kids
79%
not
79%
room
79%
should
79%
true
79%
true,
79%
what
79%
across
78%
comparison
78%
in
78%
In
78%
bad
77%
friends
77%
night
77%
out
77%
'Cause
76%
even
76%
perfect
76%
throw
76%
can't
75%
Got
75%
kinda
75%
life
75%
phone
75%
With
75%
girls
74%
I’d
74%
prettier,
74%
you're
74%
bodies
73%
livin'
73%
that
73%
followin'
72%
Happier,
72%
on
72%
daddy's
71%
want
71%
nice
70%
teeth
70%
let
69%
like
68%
started
67%
Started
67%
for
66%
get's
65%
it's
65%
them,
65%
lack
64%
back
63%
things
63%
feels
62%
beauty's
60%
Wish
60%
care
59%
didn't
59%
gettin'
57%
paper-white
56%
photos,
56%
vacation
56%
clothes
55%
their
55%
Their
55%
again,
54%
help
54%
Just
54%
vintage
53%
everyone
52%
God,
52%
loss
50%
stand
48%
losin'
47%
crazy
46%
caught
45%
up
44%
sound
43%
No matching quizzes found
Score Distribution
Percent of People with Each Score
Percentile by Number Answered
Your Score History
You have not taken this quiz